Centres educatius de la Diputació de Barcelona : seminaris seminaris
Descripción Física:
6 fulletons ; 21 cm
Materias:
Escola Professional de la Dona
; Escola d'Arts i Oficis (Barcelona, Catalunya)
; Escola de Viticultura i Enologia Mercè Rossell i Domènech
; Centre de Formació d'Adults Can Batlló
; Barcelona (Catalunya : Província). -- Diputació
; Escoles -- Barcelona (Província) -- Currículums
; Fulletons
Idioma:
Catalán
MARC
| LEADER | 00000nam a2200000Ia 4500 | ||
|---|---|---|---|
| 001 | 24307 | ||
| 003 | Arxiu | ||
| 005 | 20260324180606.0 | ||
| 008 | 160829s19982001spc xx r s cat c | ||
| 040 | |a AGDB | ||
| 080 | |a FU-64-125 | ||
| 080 | |a FU-64-126 | ||
| 080 | |a FU-64-128 | ||
| 080 | |a FU-64-127 | ||
| 080 | |a FU-14-84 | ||
| 080 | |a FU-3-48 | ||
| 110 | |a Barcelona (Catalunya : Província). |b Àrea d'Educació |9 8009 |e entitat autora | ||
| 245 | 1 | 0 | |a Centres educatius de la Diputació de Barcelona : |b seminaris |
| 260 | |a [Barcelona] : |b Diputació de Barcelona, Àrea d'Educació, |c 1998-2001 | ||
| 300 | |a 6 fulletons ; |c 21 cm | ||
| 590 | |a Relació de cursos realitzats a l'Escola Professional de la Dona, Centre de Formació d'Adults Can Batlló, Escola d'Arts i Oficis | ||
| 590 | |a A partir de 2001, relació de cursos realitzats a l'Escola Professional de la Dona, Centre de Formació d'Adults Can Batlló, Escola d'Arts i Oficis i a l'Escola de Viticultura i Enologia Mercè Rossell i Domènech | ||
| 610 | 2 | 0 | |a Escola Professional de la Dona |9 52886 |
| 610 | 2 | 0 | |a Escola d'Arts i Oficis (Barcelona, Catalunya) |9 55874 |
| 610 | 2 | 0 | |a Escola de Viticultura i Enologia Mercè Rossell i Domènech |9 56222 |
| 610 | 2 | 0 | |a Centre de Formació d'Adults Can Batlló |9 55011 |
| 610 | 1 | 0 | |a Barcelona (Catalunya : Província). |b Diputació |9 52408 |
| 650 | |a Escoles |x Barcelona (Província) |x Currículums |9 32102 | ||
| 655 | 0 | |9 55858 |a Fulletons | |
| 901 | |a Arxiu | ||
| 942 | |n 1 |2 udc |c ARXIU | ||
| 952 | |0 0 |1 0 |4 0 |7 1 |9 45870 |a Arxiu |b Arxiu |d 2016-12-01 |h 2001-2002 |o FU-14-84 |p 13268 |r 2016-12-01 00:00:00 |w 2016-12-01 |y ARXIU | ||
| 952 | |0 0 |1 0 |4 0 |7 1 |9 45871 |a Arxiu |b Arxiu |d 2016-12-01 |h 2000-2001 (primer quadrimestre) |o FU-3-48 |p 12758 |r 2016-12-01 00:00:00 |w 2016-12-01 |y ARXIU | ||
| 952 | |0 0 |1 0 |4 0 |7 1 |9 55403 |a Arxiu |b Arxiu |d 2023-04-18 |h 2001-2002 (tercer trimestre) |o FU-64-128 |p 24310 |r 2016-12-01 00:00:00 |w 2016-12-01 |y ARXIU | ||
| 952 | |0 0 |1 0 |4 0 |6 FU64125 |7 1 |9 55404 |a Arxiu |b Arxiu |d 2023-04-18 |h 1998-1999 |o FU-64-125 |p 24307 |r 2016-12-01 00:00:00 |w 2016-12-01 |y ARXIU | ||
| 952 | |0 0 |1 0 |4 0 |7 1 |9 55405 |a Arxiu |b Arxiu |d 2023-04-18 |h 1999-2000 |o FU-64-126 |p 24308 |r 2016-12-01 00:00:00 |w 2016-12-01 |y ARXIU | ||
| 952 | |0 0 |1 0 |4 0 |7 1 |9 55406 |a Arxiu |b Arxiu |d 2023-04-18 |h 1999-2000 (segon i tercer trimestre) |o FU-64-127 |p 24309 |r 2016-12-01 00:00:00 |w 2016-12-01 |y ARXIU | ||
| 999 | |c 59277 |d 59277 | ||